000 00354 a2200169 4500
001 194610
020 _a978-85-08-12410-7
040 _cMagnum
100 _aAzevedo, Aluísio de
240 1 0 _aO cortiço
_lpor
245 1 0 _aO cortiço
300 _a80
362 0 _a2009
440 1 _aÁtica
697 _aLITERATURA INFANTO-JUVENIL
942 _cBK
999 _c194610
_d194610